[Event "15th world correspondence championship, ¾-final 3"]
[Site "Correspondence"]
[Date "1989.11.01"]
[Round "-"]
[White "Voitsekh, Anatoly Pavlovich"]
[Black "Maes, Valeer"]
[Result "1/2-1/2"]
[WhiteElo "2513"]
[BlackElo "2410"]
[WhiteTitle "IMC"]
[BlackTitle "GMC"]
[Source "ChessBase"]

1. e4 c6 2. d4 d5 3. Nd2 g6 4. Ngf3 Bg7 5. Bd3 Nh6 6. O-O O-O 7. Re1 Nd7 8. c3
Re8 9. Nf1 dxe4 10. Bxe4 Ng4 11. h3 Ngf6 12. Bc2 b5 13. Bg5 Bb7 14. Qe2 a6
15. Rad1 Qc7 16. N1h2 c5 17. Ne5 cxd4 18. cxd4 Bd5 19. Bb3 Bxb3 20. axb3 e6
21. Nxd7 Qxd7 22. Bxf6 Bxf6 23. Ng4 Bg7 24. Qf3 Qd5 25. Qxd5 exd5 26. Rxe8+ Rxe8
27. Ne3 Re4 28. Nxd5 Rxd4 29. Rxd4 Bxd4 30. Nc7 Bxb2 31. Nxa6 Be5 32. Kf1
1/2-1/2

[Event "15th world correspondence championship, ¾-final 3"]
[Site "Correspondence"]
[Date "1989.11.01"]
[Round "-"]
[White "Maes, Valeer"]
[Black "Lassen, Hans Jørgen"]
[Result "1/2-1/2"]
[WhiteElo "2410"]
[BlackElo "2480"]
[WhiteTitle "GMC"]
[Source "ChessBase"]

1. d4 Nf6 2. c4 c5 3. Nf3 cxd4 4. Nxd4 e5 5. Nb5 d5 6. cxd5 Bc5 7. N5c3 O-O
8. e3 e4 9. Nd2 Bf5 10. a3 Nbd7 11. b4 Bd6 12. Nc4 Ne5 13. Nxd6 Qxd6 14. Bb2 a6
15. Qd4 Rfe8 16. h3 Rac8 17. Be2 Nd3+ 18. Bxd3 exd3 19. O-O b5 20. e4 Bxe4
1/2-1/2

[Event "15th world correspondence championship, ¾-final 3"]
[Site "Correspondence"]
[Date "1989.11.01"]
[Round "-"]
[White "Chapman, Roger"]
[Black "Maes, Valeer"]
[Result "0-1"]
[WhiteElo "2485"]
[BlackElo "2410"]
[WhiteTitle "IMC"]
[BlackTitle "GMC"]
[Source "ChessBase"]

1. d4 d5 2. c4 e6 3. Nc3 Nf6 4. cxd5 exd5 5. Bg5 c6 6. e3 Be7 7. Qc2 Nbd7
8. Bd3 Nh5 9. Bxe7 Qxe7 10. Nge2 g6 11. O-O-O Nb6 12. Ng3 Ng7 13. Kb1 Bd7
14. Rc1 O-O-O 15. Na4 Nxa4 16. Qxa4 Kb8 17. Rc3 b6 18. Ba6 Ne6 19. Rhc1 Rhe8
20. Qb3 Qd6 21. Nf1 Ka8 22. a4 Rb8 23. Nd2 Qxh2 24. Rxc6 Bxc6 25. Rxc6 Qxg2
26. Qb5 Re7 27. Rc2 Nd8 28. a5 Qh1+ 29. Rc1 Qh5 30. Bc8 bxa5 31. Qxa5 Reb7
32. Qxd8 Rxb2+ 33. Ka1 R2b5 34. Qc7 R8b6 35. Qc3 Qe2 0-1

[Event "15th world correspondence championship, Final"]
[Site "Correspondence"]
[Date "1996.11.01"]
[Round "-"]
[White "Maes, Valeer"]
[Black "Timmerman, Gert-Jan"]
[Result "1/2-1/2"]
[WhiteElo "2471"]
[BlackElo "2726"]
[WhiteTitle "GMC"]
[BlackTitle "GMC"]
[Source "ChessBase"]

1. d4 Nf6 2. Nf3 g6 3. g3 Bg7 4. Bg2 O-O 5. O-O d6 6. c4 Nc6 7. Nc3 e5 8. d5
Ne7 9. e4 Nd7 10. Ne1 f5 11. Nd3 Nf6 12. Bg5 fxe4 13. Nxe4 Nxe4 14. Bxe4 Bf5
15. Qe2 Qd7 16. f3 Rf7 17. Nf2 h6 18. Be3 Qe8 19. Qd2 Qf8 20. b4 Bd7 21. g4 Nf5
22. gxf5 gxf5 23. Bc2 f4 24. Bxa7 Rxa7 25. Ne4 Ra3 26. Bb3 Bf5 27. Qe2 Bf6
28. Kh1 Rg7 29. Rg1 Bg5 30. c5 Kh8 31. b5 dxc5 32. Nxg5 hxg5 33. Qxe5 Kh7 34. b6
cxb6 35. d6 c4 36. Bxc4 Rxf3 37. d7 Bxd7 38. Rxg5 Rxg5 39. Qxg5 Bc6 40. Qh5+ Qh6
41. Qf7+ Qg7 42. Qh5+ Qh6 43. Qf7+ Qg7 44. Qh5+ Qh6 1/2-1/2

[Event "15th world correspondence championship, Final"]
[Site "Correspondence"]
[Date "1996.11.01"]
[Round "-"]
[White "van Oosterom, Joop"]
[Black "Maes, Valeer"]
[Result "1/2-1/2"]
[WhiteElo "2655"]
[BlackElo "2471"]
[WhiteTitle "GMC"]
[BlackTitle "GMC"]
[Source "ChessBase"]

1. d4 d5 2. c4 c6 3. Nf3 Nf6 4. Nc3 e6 5. e3 Nbd7 6. Bd3 Bd6 7. O-O O-O 8. e4
dxe4 9. Nxe4 Nxe4 10. Bxe4 h6 11. Bc2 e5 12. Re1 Bb4 13. Bd2 Bxd2 14. Qxd2 exd4
15. Nxd4 Nf6 16. Qc3 Bd7 17. Rad1 Qc7 18. h3 Rfe8 19. Nf3 c5 20. Ne5 Rad8
21. Rd3 Bc8 22. Rde3 Nd7 23. Nxd7 Qxd7 24. Be4 b6 25. Bd5 Kh8 26. b4 Rxe3
27. Rxe3 Bb7 28. bxc5 Bxd5 29. Rd3 Qc7 30. Qd2 bxc5 31. Rxd5 Rxd5 32. Qxd5 Kg8
33. h4 g6 34. h5 gxh5 35. Qxh5 Qd6 36. Qg4+ Kf8 37. g3 a5 38. Kg2 Qe5 39. a3 Ke7
40. Qf3 Qd4 41. Qe2+ Kf6 42. Kh3 Qe5 43. Qf3+ Qf5+ 44. Kg2 Qxf3+ 45. Kxf3 Ke5
46. Ke3 h5 47. a4 f5 48. f4+ 1/2-1/2

[Event "15th world correspondence championship, Final"]
[Site "Correspondence"]
[Date "1996.11.01"]
[Round "-"]
[White "Maes, Valeer"]
[Black "Poulsen, Allan"]
[Result "1/2-1/2"]
[WhiteElo "2471"]
[BlackElo "2592"]
[WhiteTitle "GMC"]
[BlackTitle "IMC"]
[Source "ChessBase"]

1. d4 d5 2. c4 e6 3. Nc3 c5 4. cxd5 exd5 5. Nf3 Nc6 6. g3 Nf6 7. Bg2 Be7 8. O-O
O-O 9. Bg5 cxd4 10. Nxd4 h6 11. Be3 Re8 12. Rc1 Bg4 13. h3 Be6 14. Kh2 Qd7
15. Qa4 a6 16. Nxc6 bxc6 17. Rfd1 Bf5 18. Bd4 Qb7 19. e3 Rac8 20. a3 Nh7 21. b4
Ng5 22. f4 Ne6 23. e4 Nxd4 24. Rxd4 Qb6 25. Qd1 dxe4 26. Nxe4 a5 27. Nd6 Bxd6
28. Rxd6 axb4 29. axb4 Qxb4 30. Rdxc6 Rxc6 31. Rxc6 Re1 32. Qd5 Qb1 33. Rc7 Be6
1/2-1/2

[Event "15th world correspondence championship, Final"]
[Site "Correspondence"]
[Date "1996.11.01"]
[Round "-"]
[White "Maes, Valeer"]
[Black "Gottardi, Gottardo"]
[Result "1/2-1/2"]
[WhiteElo "2471"]
[BlackElo "2622"]
[WhiteTitle "GMC"]
[BlackTitle "GMC"]
[Source "ChessBase"]

1. d4 Nf6 2. Nf3 c5 3. d5 b5 4. c4 Bb7 5. a4 bxc4 6. Nc3 d6 7. e4 g6 8. Bxc4
Nbd7 9. h3 Bg7 10. O-O O-O 11. a5 Rb8 12. Qe2 Ne8 13. Bf4 Bc8 14. Ra2 Rb4
15. Bd2 Nc7 16. Re1 Ne5 17. Nxe5 Bxe5 18. Nd1 Rb8 19. Bc3 Bg7 20. Ne3 Bd7
21. Qd2 Bb5 22. Bxb5 Rxb5 23. Nc4 Qd7 24. Raa1 Rb3 25. Rac1 Bxc3 26. bxc3 f6
27. Qd3 Rfb8 28. f4 Kg7 29. e5 Rd8 30. exf6+ exf6 31. a6 Qf7 32. Rcd1 f5 33. Na5
Rb6 34. Nc6 Rd7 35. c4 Qf6 36. Nxa7 Rxa6 37. Nc6 Ra2 38. Rd2 Rxd2 39. Qxd2 h6
40. Rb1 Kh7 41. Qe1 Rg7 42. Rb8 Rg8 43. Rb7 Rg7 44. Rb8 Rg8 45. Qa5 Rg7 46. Kh2
Qh4 47. Qd2 Rg8 48. Rb7 Rg7 49. Rb8 Rg8 50. Rb7 Rg7 51. Qe3 Ne8 52. Na5 Nf6
53. Rxg7+ Kxg7 54. Qe7+ Kg8 55. Qe6+ Kg7 56. Qe7+ 1/2-1/2

[Event "15th world correspondence championship, Final"]
[Site "Correspondence"]
[Date "1996.11.01"]
[Round "-"]
[White "Maes, Valeer"]
[Black "Finocchiaro, Fabio"]
[Result "1/2-1/2"]
[WhiteElo "2471"]
[BlackElo "2487"]
[WhiteTitle "GMC"]
[BlackTitle "IMC"]
[Source "ChessBase"]

1. d4 Nf6 2. Nf3 e6 3. c4 b6 4. g3 Ba6 5. b3 Bb4+ 6. Bd2 Be7 7. Bg2 c6 8. Bc3
d5 9. Ne5 Nfd7 10. Nxd7 Nxd7 11. Nd2 O-O 12. O-O Rc8 13. e4 b5 14. Re1 dxc4
15. bxc4 bxc4 16. Qc2 Re8 17. Rad1 Bf8 18. Nf1 Qc7 19. Ne3 e5 20. Bf1 exd4
21. Bxd4 Ne5 22. Bxe5 Rxe5 23. Bxc4 Bxc4 24. Nxc4 Ree8 25. Re3 Rcd8 26. Red3
Rxd3 27. Qxd3 Be7 28. Qd7 Qxd7 29. Rxd7 Bc5 30. e5 Kf8 31. Rc7 Bd4 32. Kf1 Bxe5
33. Rxa7 Bd4 34. Rd7 Bc5 35. Rc7 Re4 36. Nb2 Bd4 37. Nd3 Re6 38. Nb4 c5 39. Nc6
Bc3 40. a4 Re1+ 41. Kg2 g6 42. a5 Ra1 43. Rc8+ Kg7 44. Ra8 c4 45. a6 Bf6 1/2-1/2

[Event "15th world correspondence championship, Final"]
[Site "Correspondence"]
[Date "1996.11.01"]
[Round "-"]
[White "Barlow, John"]
[Black "Maes, Valeer"]
[Result "1/2-1/2"]
[WhiteElo "2507"]
[BlackElo "2471"]
[BlackTitle "GMC"]
[Source "ChessBase"]

1. e4 c6 2. d4 d5 3. Nd2 dxe4 4. Nxe4 Bf5 5. Ng3 Bg6 6. h4 h6 7. Nf3 Nd7 8. h5
Bh7 9. Bd3 Bxd3 10. Qxd3 e6 11. Bf4 Qa5+ 12. Bd2 Qc7 13. O-O-O Ngf6 14. Qe2
O-O-O 15. Ne5 Nb6 16. Ba5 Rd5 17. Bxb6 axb6 18. c4 Ra5 19. Kb1 Bd6 20. f4 Rd8
21. Ne4 Nxe4 22. Qxe4 f5 23. Qe2 b5 24. Rhe1 Kb8 25. c5 Bxe5 26. Qxe5 Ra4
27. Qxc7+ Kxc7 28. Rxe6 Raxd4 29. Rxd4 Rxd4 30. g3 Rd3 31. Re7+ Rd7 32. Re5 Rd3
33. Re7+ Rd7 34. Re3 b6 35. cxb6+ Kxb6 36. Kc2 Rd6 37. Re5 g6 38. b4 Rf6 39. Kd3
gxh5 40. Kd4 Rd6+ 41. Ke3 Rf6 42. Kf2 Kc7 43. Kg2 h4 44. gxh4 h5 45. Kf3 Kd6
46. Ke3 1/2-1/2

[Event "15th world correspondence championship, Final"]
[Site "Correspondence"]
[Date "1996.11.01"]
[Round "-"]
[White "Kilgour, David"]
[Black "Maes, Valeer"]
[Result "1/2-1/2"]
[WhiteElo "2580"]
[BlackElo "2471"]
[WhiteTitle "GMC"]
[BlackTitle "GMC"]
[Source "ChessBase"]

1. e4 c6 2. d4 d5 3. Nc3 dxe4 4. Nxe4 Bf5 5. Ng3 Bg6 6. h4 h6 7. Nf3 Nd7 8. h5
Bh7 9. Bd3 Bxd3 10. Qxd3 e6 11. Bd2 Ngf6 12. O-O-O Be7 13. Qe2 c5 14. Rhe1 Rc8
15. Ne5 O-O 16. Ng6 Re8 17. Nxe7+ Qxe7 18. d5 Qd6 19. dxe6 Qxe6 20. Qxe6 Rxe6
21. Rxe6 fxe6 22. Re1 Kf7 23. c4 Rc6 24. b3 Nb6 25. Bc3 Nc8 26. f3 Nd6 27. Rd1
Ke7 28. Be5 Nf7 29. Bb2 Nd6 30. a4 b6 31. Rh1 a6 32. Be5 b5 33. cxb5 axb5
34. Rh4 Rb6 35. Kc2 c4 36. bxc4 Nxc4 37. Bd4 Rc6 38. Kd3 Nd6 39. Bc3 Kf7 40. Rf4
bxa4 41. Rxa4 Rc7 42. Be5 Rd7 43. Ke2 Nc8 44. Ra6 1/2-1/2

[Event "15th world correspondence championship, Final"]
[Site "Correspondence"]
[Date "1996.11.01"]
[Round "-"]
[White "Prizant, Michael"]
[Black "Maes, Valeer"]
[Result "0-1"]
[WhiteElo "2516"]
[BlackElo "2471"]
[WhiteTitle "GMC"]
[BlackTitle "GMC"]
[Source "ChessBase"]

1. e4 c6 2. d4 d5 3. Nc3 dxe4 4. Nxe4 Bf5 5. Ng3 Bg6 6. h4 h6 7. Nf3 Nd7 8. h5
Bh7 9. Bd3 Bxd3 10. Qxd3 e6 11. Bf4 Qa5+ 12. c3 Ngf6 13. a4 Nd5 14. Bd2 Qc7
15. Kf1 a5 16. Qe2 Be7 17. Ne5 Nxe5 18. dxe5 Qb6 19. Bc1 Qb3 20. Kg1 O-O 21. Ne4
f5 22. Nd6 Bxd6 23. exd6 Nb6 24. Rh4 e5 25. Qxe5 Rae8 26. Qd4 Re1+ 27. Kh2 Rd1
28. Qe3 Nc8 29. Qe2 Qd5 30. Ra3 Qxd6+ 31. Bf4 Qd8 32. Qe6+ Rf7 33. Rh3 Nb6
34. c4 Qe7 35. Qxe7 Rxe7 36. c5 Nd5 37. Bd6 Ree1 38. Rhd3 Rb1 39. Rd2 Nf6
40. Rc2 Nxh5 41. g3 g5 42. f3 Nf6 43. Kg2 Nd5 0-1

[Event "15th world correspondence championship, Final"]
[Site "Correspondence"]
[Date "1996.11.01"]
[Round "-"]
[White "Sychev, Anatoly Viktorovich"]
[Black "Maes, Valeer"]
[Result "0-1"]
[WhiteElo "2512"]
[BlackElo "2471"]
[WhiteTitle "IMC"]
[BlackTitle "GMC"]
[Source "ChessBase"]

1. e4 c6 2. d4 d5 3. e5 Bf5 4. Nf3 e6 5. Be2 c5 6. Be3 Ne7 7. O-O cxd4 8. Nxd4
Nbc6 9. Bb5 a6 10. Bxc6+ bxc6 11. c4 Qd7 12. Nc3 dxc4 13. Na4 Nd5 14. Nxf5 exf5
15. Qd4 Be7 16. Rac1 O-O 17. Qxc4 Nxe3 18. fxe3 Bg5 19. Rc3 Rad8 20. Nb6 Qb7
21. Qc5 g6 22. Rb3 Qc7 23. Nc4 Rd5 24. Qa3 a5 25. Rd3 Rfd8 26. Rfd1 f4 27. exf4
Bxf4 28. g3 Rxd3 29. Rxd3 Rxd3 30. Qxd3 Bxe5 31. b3 Bf6 32. Kg2 h5 33. Qd6 Qxd6
34. Nxd6 Bd8 35. Nc8 f5 36. Na7 c5 37. Kf3 Kf7 38. Ke2 Ke6 39. Kd3 h4 40. gxh4
Bxh4 41. Nc6 Be1 42. h3 Kd6 43. Nd8 Kd5 44. Nf7 Bg3 45. Ke3 Be5 46. Ng5 Bf6
47. Nf3 c4 48. bxc4+ Kxc4 49. Nd2+ Kc3 0-1

[Event "15th world correspondence championship, Final"]
[Site "Correspondence"]
[Date "1996.11.01"]
[Round "-"]
[White "Maes, Valeer"]
[Black "Reynolds, Robert"]
[Result "1-0"]
[WhiteElo "2471"]
[BlackElo "2567"]
[WhiteTitle "GMC"]
[BlackTitle "IMC"]
[Source "ChessBase"]

1. d4 Nf6 2. Nf3 c5 3. d5 e6 4. Nc3 b5 5. dxe6 fxe6 6. Nxb5 Qa5+ 7. Nc3 d5
8. Bd2 Qb6 9. e4 Be7 10. b3 O-O 11. Bd3 Nc6 12. O-O Bb7 13. Re1 Rae8 14. Ng5 Bd6
15. exd5 Ne5 16. Nxe6 Neg4 17. Nxf8 Rxf8 18. Qe2 Bxh2+ 19. Kh1 Bc8 20. g3 Nh5
21. Qe7 c4 22. Bxh7+ Kxh7 23. Qxf8 Nhf6 24. Re7 Nxf2+ 25. Kxh2 N2g4+ 26. Kh3
Nf2+ 27. Kh4 Nh5 28. Re8 Qd4+ 29. Ne4 Nf6 30. Qh8+ Kg6 31. Bc3 Qe3 32. Bxf6 1-0

[Event "15th world correspondence championship, Final"]
[Site "Correspondence"]
[Date "1996.11.01"]
[Round "-"]
[White "Carleton, John Joseph"]
[Black "Maes, Valeer"]
[Result "1/2-1/2"]
[WhiteElo "2464"]
[BlackElo "2471"]
[WhiteTitle "IMC"]
[BlackTitle "GMC"]
[Source "ChessBase"]

1. e4 c6 2. d4 d5 3. e5 Bf5 4. Nf3 e6 5. Be2 c5 6. Be3 Ne7 7. O-O cxd4 8. Bxd4
Nec6 9. Nbd2 Be7 10. c4 O-O 11. cxd5 Qxd5 12. Qa4 Nxd4 13. Nxd4 Qxe5 14. N2f3
Qf6 15. Nxf5 Qxf5 16. Nd4 Qf6 17. Rad1 Rd8 18. Bf3 Na6 19. Nb3 Rxd1 20. Rxd1 Nc5
21. Nxc5 Bxc5 22. Qb5 Bb6 23. a4 Rd8 24. Rxd8+ Qxd8 25. a5 Bxa5 26. Qxb7 Qd4
27. Qe4 Qd7 28. Qb7 Bc7 29. g3 a5 30. b4 axb4 31. Qxb4 g6 32. h4 Qd3 33. Qe4 Qd2
34. Qe2 Qc3 35. Kg2 h5 36. Be4 Kg7 37. Qc2 Qe5 38. Qc6 Bb6 39. Qxb6 Qxe4+
40. Kf1 Qd3+ 41. Kg2 Qd5+ 42. Kg1 e5 43. Qc7 Kf6 44. Qc1 Qf3 45. Qc8 Kg7 46. Qc7
Qf6 47. Kg2 Qe6 48. Kg1 Kf6 49. Kg2 Qe7 50. Qc6+ Kg7 51. Kg1 Qd8 52. Kg2 Qd4
53. Qc7 Qe4+ 54. Kg1 Qf5 55. Kg2 e4 56. Kg1 Kh7 57. Qd6 Kg8 58. Qd8+ Kg7
59. Qd4+ Kh7 60. Qd6 g5 61. hxg5 Qxg5 62. Qc7 Qf6 63. Qc5 Kg6 64. Qe3 Qf5
65. Kg2 h4 66. gxh4 Qg4+ 67. Qg3 Kh5 68. Kf1 Qxh4 69. Qe5+ Kg6 70. Ke2 Qg4+
71. Ke1 Qf5 72. Qd6+ f6 73. Qb8 Kg5 74. Qg8+ Qg6 75. Qc8 f5 76. Qd8+ Kg4 77. Qh8
f4 78. Qc8+ Qf5 79. f3+ exf3 80. Qxf5+ Kxf5 81. Kf2 Ke4 1/2-1/2

[Event "15th world correspondence championship, Final"]
[Site "Correspondence"]
[Date "1996.11.01"]
[Round "-"]
[White "Vitomskis, Janis"]
[Black "Maes, Valeer"]
[Result "1/2-1/2"]
[WhiteElo "2594"]
[BlackElo "2471"]
[WhiteTitle "IMC"]
[BlackTitle "GMC"]
[Source "ChessBase"]

1. e4 c6 2. d4 d5 3. e5 Bf5 4. Nf3 e6 5. Be2 c5 6. Be3 Ne7 7. dxc5 Nd7 8. Nc3
Nc6 9. Nb5 Nxc5 10. Nfd4 Bg6 11. O-O a6 12. Nxc6 bxc6 13. Nd4 Na4 14. Qd2 c5
15. Bg5 Be7 16. Bxe7 Qxe7 17. Qa5 Nxb2 18. Bb5+ Kf8 19. Rab1 cxd4 20. Rxb2 Qc5
21. Qa4 Ke7 22. Bd3 Rhb8 23. Rxb8 Rxb8 24. Qxa6 Qb6 25. Qa3+ Qb4 26. Qa7+ Rb7
27. Qa8 Rb8 28. Qa7+ Rb7 29. Qa8 Rb8 30. Qa7+ 1/2-1/2

[Event "15th world correspondence championship, Final"]
[Site "Correspondence"]
[Date "1996.11.01"]
[Round "-"]
[White "Maes, Valeer"]
[Black "Tomkovich, Viktor Vasilyevich"]
[Result "1-0"]
[WhiteElo "2471"]
[BlackElo "2507"]
[WhiteTitle "GMC"]
[BlackTitle "IMC"]
[Source "ChessBase"]

1. d4 f5 2. g3 d5 3. Bg2 c6 4. Nf3 Nd7 5. O-O Ngf6 6. b3 Nb6 7. Ne5 Be6 8. Nd2
g6 9. Bb2 Ng4 10. Nxg4 fxg4 11. e4 Qd7 12. exd5 Bxd5 13. Ne4 Bxe4 14. Bxe4 Bg7
15. Qe2 O-O 16. Rad1 Rf7 17. c4 Raf8 18. a4 a6 19. d5 c5 20. d6 Bxb2 21. Qxb2
Rf6 22. a5 Nc8 23. dxe7 Qxe7 24. Bd5+ Kh8 25. Rfe1 Qg7 26. Be6 Na7 27. Rd7 R6f7
28. Rxf7 Rxf7 29. Qd2 Rf8 30. Bd5 Nc6 31. Bxc6 bxc6 32. Qd6 Kg8 33. Qxc5 Qd7
34. Qb6 Ra8 35. Kg2 Kf7 36. Re4 Kg8 37. Qe3 Rf8 38. Re7 Qf5 39. Qe6+ Qxe6
40. Rxe6 Rc8 41. Rd6 1-0

[Event "15th world correspondence championship, Final"]
[Site "Correspondence"]
[Date "1996.11.01"]
[Round "-"]
[White "Maes, Valeer"]
[Black "Gefenas, Vladas"]
[Result "1-0"]
[WhiteElo "2471"]
[BlackElo "2577"]
[WhiteTitle "GMC"]
[BlackTitle "IMC"]
[Source "ChessBase"]

1. d4 Nf6 2. Nf3 e6 3. c4 b6 4. g3 Bb4+ 5. Bd2 Be7 6. Bg2 c6 7. O-O d5 8. Qc2
O-O 9. b3 Nbd7 10. Rd1 a5 11. Bc3 Ne4 12. Bb2 Bb7 13. Ne5 f5 14. Nxd7 Qxd7
15. Nd2 Bd6 16. Nxe4 fxe4 17. c5 Bc7 18. f3 exf3 19. exf3 bxc5 20. Qxc5 h5
21. f4 h4 22. Ba3 hxg3 23. hxg3 Kf7 24. Re1 Rh8 25. Re3 Rae8 26. Rae1 Rh6 27. f5
Qd8 28. Qc3 Bb6 29. Re5 Bc8 30. Bc1 Rf6 31. Bg5 Qd6 32. Bxf6 gxf6 33. fxe6+ Rxe6
34. Rxe6 Bxe6 35. Qe3 Bd7 36. Rf1 Kg7 37. Kh2 c5 38. Re1 1-0

[Event "15th world correspondence championship, Final"]
[Site "Correspondence"]
[Date "1996.11.01"]
[Round "-"]
[White "Cayford, Richard Anthony"]
[Black "Maes, Valeer"]
[Result "0-1"]
[WhiteElo "2527"]
[BlackElo "2471"]
[WhiteTitle "IMC"]
[BlackTitle "GMC"]
[Source "ChessBase"]

1. e4 c6 2. Nc3 d5 3. Qf3 dxe4 4. Nxe4 Nd7 5. Ne2 Ngf6 6. N2g3 g6 7. d4 Bg7
8. c3 O-O 9. Bc4 Nd5 10. O-O e5 11. Rd1 f5 12. Nd6 e4 13. Qe2 Nb6 14. Nxc8 Nxc4
15. Qxc4 Rxc8 16. Qb3 Qe7 17. Re1 Qf7 18. Bd2 Rfe8 19. Re2 c5 20. dxc5 Rxc5
21. Rd1 Be5 22. Nf1 Nf6 23. Qxf7+ Kxf7 24. Be3 Ra5 25. a3 f4 26. Bc1 Bc7 27. Nd2
Rd5 28. Rde1 g5 29. h3 h5 30. Kf1 Rde5 31. b4 g4 32. c4 e3 33. fxe3 fxe3 34. Nb3
gxh3 35. gxh3 Rf5+ 36. Kg1 Rg8+ 37. Rg2 Rxg2+ 38. Kxg2 Rf2+ 39. Kh1 e2 0-1